Sports Quiz

Random Sports or French Quiz
Score 0/166 Timer 15:00
0 Plays Today
Jersey number Player % Correct
13Ibrahim Ba
97.1%
1Hugo Lloris
96.8%
16Fabien Barthez
95.9%
10Zinedine Zidane
94.3%
12Thierry Henry
93.6%
16Steve Mandanda
93.3%
15Lilian Thuram
93%
22Marcus Thuram
92.9%
9Olivier Giroud
92.7%
3Bixente Lizarazu
92.4%
8Marcel Desailly
91.7%
5Laurent Blanc
91.4%
10Karim Benzema
91.4%
20David Trézéguet
91.4%
3Patrice Evra
91.1%
7Antoine Griezmann
90.4%
1Bernard Lama
90.1%
2Benjamin Pavard
90.1%
4Raphaël Varane
90.1%
4Patrick Vieira
90.1%
23Grégory Coupet
90.1%
6Paul Pogba
89.5%
39Nicolas Anelka
89.5%
7Franck Ribéry
88.2%
19Willy Sagnol
88.2%
13N'Golo Kanté
87.9%
15Bacary Sagna
87.9%
17Emmanuel Petit
87.9%
7Didier Deschamps
87.3%
21Lucas Hernandez
87.3%
10Kylian Mbappé
86.9%
3Bernard Mendy
86.6%
5Samuel Umtiti
86.6%
14Blaise Matuidi
86.6%
22Benjamin Mendy
86.6%
19Ferland Mendy
86.6%
4Adil Rami
85.7%
7Robert Pirès
85.7%
6Youri Djorkaeff
85.4%
1Mickaël Landreau
84.7%
7Florent Malouda
84.4%
11Sylvain Wiltord
84.4%
6Claude Makelele
82.5%
5William Gallas
82.2%
3Eric Abidal
81.5%
9Stéphane Guivarc'h
81.2%
10André-Pierre Gignac
81.2%
11Samir Nasri
81.2%
6Lassana Diarra
80.9%
18Alou Diarra
80.9%
9Djibril Cissé
80.6%
6Yohan Cabaye
79.3%
18Franck Leboeuf
79%
19Djibril Sidibé
79%
5Philippe Mexès
78.7%
19Christian Karembeu
78.7%
Jersey number Player % Correct
2Vincent Candela
78.3%
8Yoann Gourcuff
78.3%
12Corentin Tolisso
78%
18Nabil Fekir
77.7%
18Moussa Sissoko
77.4%
13Florian Thauvin
76.4%
16Alphonse Areola
76.4%
11Ousmane Dembélé
76.1%
11Kingsley Coman
76.1%
21Laurent Koscielny
76.1%
2Mathieu Debuchy
75.2%
22Gaël Clichy
75.2%
16Stéphane Ruffier
74.8%
17Lucas Digne
74.8%
1Ulrich Ramé
74.5%
8Dimitri Payet
74.2%
8Mathieu Valbuena
73.9%
19Hatem Ben Arfa
73.9%
22Sidney Govou
73.6%
5Mamadou Sakho
73.2%
15Steven Nzonzi
73.2%
8Thomas Lemar
72.9%
11Anthony Martial
72.6%
6Eduardo Camavinga
72.3%
17Sébastien Squillaci
71.7%
14Jérémy Ménez
71.3%
21Christophe Dugarry
70.7%
3Presnel Kimpembe
70.4%
14Alain Boghossian
70.1%
23Mike Maignan
69.8%
10Alexandre Lacazette
69.1%
22Wissam Ben Yedder
68.8%
14Jérémy Toulalan
68.2%
17Johan Micoud
67.8%
3Layvin Kurzawa
67.5%
5Clément Lenglet
67.2%
19Abou Diaby
66.9%
2Jean-Alain Boumsong
66.6%
8Ludovic Giuly
66.2%
13Mikaël Silvestre
65.9%
12Bernard Diomède
64.6%
13Anthony Réveillère
64.6%
20Dayot Upamecano
64.6%
8Houssem Aouar
64.2%
9Bafétimbi Gomis
63.7%
12Marvin Martin
63.4%
15Christophe Jallet
63.4%
21Loïc Rémy
62.1%
14Jérôme Rothen
61.8%
19Gaël Givet
60.8%
22Morgan Schneiderlin
60.8%
22Lionel Letizi
60.5%
13François Clerc
59.2%
20Kevin Gameiro
59.2%
14Louis Saha
58.6%
17Yann M'Vila
58.6%
Jersey number Player % Correct
18Adrien Rabiot
58%
8Vikash Dhorasoo
56.4%
2Kurt Zouma
54.8%
18Benoît Pedretti
53.8%
1Stéphane Porato
52.5%
6Olivier Dacourt
52.2%
9Steve Savidan
51.9%
15Rio Mavuba
51.9%
17Tanguy Ndombele
51%
13Léo Dubois
49.7%
9Lilian Laslandes
49%
24Tiémoué Bakayoko
48.1%
13Eliaquim Mangala
47.8%
28Rémy Cabella
47.8%
22Eric Carrière
47.5%
3Philippe Christanval
47.1%
4Julien Escudé
46.8%
12Tony Vairelles
46.8%
21Franck Jurietti
46.8%
20Steve Marlet
46.2%
22Jonathan Ikoné
46.2%
10Camel Meriem
45.9%
16Richard Dutruel
44.9%
17Olivier Kapo
44.3%
17Benoît Trémoulinas
44.3%
9Guillaume Hoarau
43.9%
9Sabri Lamouchi
43.9%
11Maxime Gonalons
43.9%
22Clément Grenier
43.9%
15Peguy Luyindula
43.3%
20Etienne Capoue
42.7%
18Martin Djetou
41.7%
8Alassane Pléa
41.1%
20Mathieu Flamini
40.1%
3Jérémy Mathieu
39.5%
21Benoît Cheyrou
38.9%
3Frédéric Déhu
38.2%
20Florian Maurice
37.6%
11Laurent Robert
36.9%
25Jimmy Briand
36.9%
5Younès Kaboul
36.3%
19Clément Chantôme
36.3%
19Geoffrey Kondogbia
36%
24Paul-Georges Ntep
36%
8Ruben Aguilar
35.7%
21Ousmane Dabo
34.4%
3Jérémie Bréchet
33.8%
20Rod Fanni
33.1%
2Jonathan Zebina
32.8%
3Michaël Ciani
31.2%
2Mapou Yanga-Mbiwa
30.3%
6Daniel Moreira
29.3%
19Florent Sinama-Pongolle
28.7%
12Frédéric Piquionne
27.7%
Remove Ads.
Support Sporcle.
Get the best of Sporcle when you Go Orange. This ad-free experience offers more features, more stats, and more fun while also helping to support Sporcle. Thank you for becoming a member.

You're not logged in!

Compare scores with friends on all Sporcle quizzes.
OR
Log In

Show Comments

Extras

Top Quizzes Today


Score Distribution

Your Account Isn't Verified!

In order to create a playlist on Sporcle, you need to verify the email address you used during registration. Go to your Sporcle Settings to finish the process.

Report this User

Report this user for behavior that violates our Community Guidelines.

Details: